000 00610nam a2200157 a 4500
008 120416s1957 ||||||||||||||||| || u
050 _aGN 490 Tur
100 _aTurner, Victor Witter
245 1 0 _aSchism and continuity in an African society: a study of Ndembu village life
260 _a(Manchester)
_bManchester University
_c1957
300 _axxiii, 348p. : ill.
350 _a0.00
650 _aVILLAGE LIFE--NDEMBU TRIBE
650 0 _aSOCIOLOGY
995 _D0.00
_FCBU-MAIN LIBRARY (Kitwe)
_H1
_I6.00
_M1
_UAVAILABLE
_ZMain Library Open Access Collection
999 _c57046
_d57046